| Tag |
First Indicator |
Second Indicator |
Subfields |
| LEADER |
00000cas a2200000 a 4500 |
| 001 |
in00000061324 |
| 005 |
20151008051647.0 |
| 008 |
780131d19731988iau x1m s0uuua0eng d |
| 010 |
|
|
|z sf 86005003
|z sc 80000764
|z sn 79005218
|
| 012 |
|
|
|a 2
|e n
|l 1
|
| 019 |
|
|
|a 3551598
|
| 022 |
0 |
|
|a 0194-4088
|
| 035 |
|
|
|a (OCoLC)03592687
|
| 035 |
|
|
|9 AAG9255AM
|
| 037 |
|
|
|b Council for Agricultural Science and Technology, 250 Memorial Union, Iowa State University, Ames, IA 50011
|
| 040 |
|
|
|a KUK
|c KUK
|d MUL
|d NSD
|d DLC
|d OCL
|d TXA
|d UtOrBLW
|
| 042 |
|
|
|a nsdp
|a lc
|
| 043 |
|
|
|a n-us---
|
| 049 |
|
|
|a TXAE
|
| 090 |
|
|
|a S22
|b .C6
|
| 092 |
|
|
|a 630.8
|b C832
|
| 110 |
2 |
|
|a Council for Agricultural Science and Technology.
|
| 210 |
0 |
|
|a Rep. - Counc. Agric. Sci. Technol.
|
| 222 |
|
0 |
|a Report - Council for Agricultural Science and Technology
|
| 245 |
1 |
0 |
|a Report.
|
| 264 |
|
1 |
|a Ames, Iowa :
|b Council for Agricultural Science and Technology,
|c 1973-1988.
|
| 300 |
|
|
|a 114 volumes :
|b illustrations ;
|c 29 cm.
|
| 310 |
|
|
|a Irregular
|
| 336 |
|
|
|a text
|b txt
|2 rdacontent
|
| 337 |
|
|
|a unmediated
|b n
|2 rdamedia
|
| 338 |
|
|
|a volume
|b nc
|2 rdacarrier
|
| 362 |
0 |
|
|a No. 1 (May 1973)-no. 114 (June 1988).
|
| 500 |
|
|
|a Reports are prepared by individual task forces composed of scientists in the specific subject areas covered.
|
| 500 |
|
|
|a Title from cover.
|
| 500 |
|
|
|a Each issue also has a distinctive title.
|
| 500 |
|
|
|a Continued by a monographic series with title: Task force report (Council for Agricultural Science and Technology).
|
| 650 |
|
0 |
|a Agriculture
|z United States.
|
| 650 |
|
0 |
|a Agricultural ecology
|z United States.
|
| 999 |
|
|
|a MARS
|
| 999 |
f |
f |
|s a438265c-22be-3948-b32d-2e68fb70f133
|i a6b54f45-7b2a-3fe2-a44f-8606b0557bd6
|t 0
|
| 952 |
f |
f |
|p ric
|a Texas A&M University
|b Rellis Campus
|c Joint Library Facility
|d Remote Storage
|t 0
|e S22 .C6
|h Library of Congress classification
|i unmediated -- volume
|k no.1-21
|l 1973
|m A14816415511
|
| 952 |
f |
f |
|p ric
|a Texas A&M University
|b Rellis Campus
|c Joint Library Facility
|d Remote Storage
|t 0
|e S22 .C6
|h Library of Congress classification
|i unmediated -- volume
|k no.113-114
|l 1988
|m A14815299124
|
| 952 |
f |
f |
|p ric
|a Texas A&M University
|b Rellis Campus
|c Joint Library Facility
|d Remote Storage
|t 0
|e S22 .C6
|h Library of Congress classification
|i unmediated -- volume
|k no.52-65
|l 1976
|m A14851575374
|
| 952 |
f |
f |
|p ric
|a Texas A&M University
|b Rellis Campus
|c Joint Library Facility
|d Remote Storage
|t 0
|e S22 .C6
|h Library of Congress classification
|i unmediated -- volume
|k no.22-36
|l 1974
|m A14829131419
|
| 952 |
f |
f |
|p ric
|a Texas A&M University
|b Rellis Campus
|c Joint Library Facility
|d Remote Storage
|t 0
|e S22 .C6
|h Library of Congress classification
|i unmediated -- volume
|k no.98-109
|l 1983-1986
|m A14813890542
|
| 952 |
f |
f |
|p ric
|a Texas A&M University
|b Rellis Campus
|c Joint Library Facility
|d Remote Storage
|t 0
|e S22 .C6
|h Library of Congress classification
|i unmediated -- volume
|k no.66-73
|l 1977
|m A14851575242
|
| 952 |
f |
f |
|p ric
|a Texas A&M University
|b Rellis Campus
|c Joint Library Facility
|d Remote Storage
|t 0
|e S22 .C6
|h Library of Congress classification
|i unmediated -- volume
|k no.86-97
|l 1980-1983
|m A14851575770
|
| 952 |
f |
f |
|p ric
|a Texas A&M University
|b Rellis Campus
|c Joint Library Facility
|d Remote Storage
|t 0
|e S22 .C6
|h Library of Congress classification
|i unmediated -- volume
|k no.110-112
|l 1986-1987
|m A14812478363
|
| 952 |
f |
f |
|p ric
|a Texas A&M University
|b Rellis Campus
|c Joint Library Facility
|d Remote Storage
|t 0
|e S22 .C6
|h Library of Congress classification
|i unmediated -- volume
|k no.37-51
|l 1975
|m A14851575507
|
| 952 |
f |
f |
|p ric
|a Texas A&M University
|b Rellis Campus
|c Joint Library Facility
|d Remote Storage
|t 0
|e S22 .C6
|h Library of Congress classification
|i unmediated -- volume
|k no.75-85
|l 1978-1980
|m A14812206465
|
| 998 |
f |
f |
|a S22 .C6
|s no.75-114 (1978-1988)
|t 0
|l Remote Storage
|